Topology
Saved in:
| Main Author: | |
|---|---|
| Format: | Book |
| Language: | English |
| Published: |
Nueva Delhi
Prentice-Hall
1975
|
| Subjects: | |
| Tags: |
Add Tag
No Tags, Be the first to tag this record!
|
MARC
| LEADER | 00000nam a2200000 a 4500 | ||
|---|---|---|---|
| 001 | UCQ9615 | ||
| 003 | CL-VaPUC | ||
| 008 | 990112e19750000II |||||||||||||||||eng|d | ||
| 082 | 0 | 4 | |a 514 |b DUG |2 21 |
| 100 | 0 | |a Dugundji, James |e author |9 424275 | |
| 245 | 1 | 0 | |a Topology |
| 300 | |a 447 p | ||
| 942 | |c BK | ||
| 945 | |d 19990112 00:00:00 |a crobeson | ||
| 260 | |a Nueva Delhi |b Prentice-Hall |c 1975 | ||
| 650 | 0 | |a Topología |9 260092 | |
| 650 | 0 | |a Teoría de conjuntos |9 265668 | |
| 650 | 0 | |a Espacios topológicos |9 360015 | |
| 650 | 0 | |a Productos cartesianos |9 424276 | |
| 650 | 0 | |a Espacios métricos |9 269874 | |
| 650 | 7 | |a TEORIA DE LA HOMOTOPIA |2 CL-VaPUC |9 424277 | |
| 583 | |a last modification |c 19990112 00:00:00 |k Rodrigo Vera | ||
| 999 | |c 278607 |d 278605 | ||
| 952 | |0 0 |1 0 |4 0 |6 514_000000000000000_DUG_1975 |7 0 |8 A |9 317245 |a BIBMAT |b BIBMAT |d 2019-11-20 |i 1316850 |o 514 DUG 1975 |p 1316850 |r 2025-01-07 |w 2019-11-20 |y BK |k MAT | ||